000 00543nam a2200193Ia 4500
003 GCL
008 140319s9999 xx 000 0 aFre d
020 _a2911127781
040 _aGCL /
_cGCL
082 0 4 _a843.9
_bM N
100 1 _aMIGNARD, ANNIE
245 1 0 _aLA NOUVELLE FRANCAISE CONTEMPORAINE /
_cMIGNARD, ANNIE
260 _aفرنسا :
_bMINISTERE DES AFFAIRES ETRANGERES ،
_c1998
300 _a24 CM ؛
_c2 VOLS.
650 0 4 _aLITERATURE
650 0 4 _aFRENCH LITERATURE
650 0 4 _aLITERATURE - CRITICISM
942 _2ddc
_cBK
999 _c18469
_d18469